Other 99% (Record no. 327904)

MARC details
000 -LEADER
fixed length control field 00471nam a2200169Ia 4500
008 - FIXED-LENGTH DATA ELEMENTS--GENERAL INFORMATION
fixed length control field 230718s9999 xx 000 0 und d
020 ## - INTERNATIONAL STANDARD BOOK NUMBER
International Standard Book Number 978818495207
041 ## - LANGUAGE CODE
Language code of text/sound track or separate title eng
082 ## - DEWEY DECIMAL CLASSIFICATION NUMBER
Classification number 658.404
Item number CHA
100 ## - MAIN ENTRY--PERSONAL NAME
Personal name Chatterjee D.
9 (RLIN) 110866
245 ## - TITLE STATEMENT
Title Other 99%
Remainder of title You Can Dare To Lead
260 ## - PUBLICATION, DISTRIBUTION, ETC. (IMPRINT)
Date of publication, distribution, etc. 2011
Name of publisher, distributor, etc. Jaico Publishing House
300 ## - PHYSICAL DESCRIPTION
Extent 158
365 ## - TRADE PRICE
Currency code Rs.
Price amount 195.00
700 ## - ADDED ENTRY--PERSONAL NAME
Personal name Chatterjee D.
9 (RLIN) 110866
906 ## - LOCAL DATA ELEMENT F, LDF (RLIN)
d O:0179520-Jun-2011B:793504-May-2011
c MGMT
b 48.75
Holdings
Withdrawn status Lost status Damaged status Not for loan Home library Current library Date acquired Vendor Budget Code Cost, normal purchase price Bill number Total Checkouts Full call number Barcode Date last seen Date last checked out Discount Cost, replacement price Bill Date Koha item type Original Barcode
        Cummins College of Engineering for Women Pune Cummins College of Engineering for Women Pune 20/06/2011 Technical Book Services MGMT 146.25 7935 5 658.404 CCEP-BK-39111 23/02/2026 12/02/2026 48.75 195.00 04/05/2011 Books 039111